Tous les drapeaux des pays du monde avec deux couleurs - Statistiques

Statistiques générales
  • Ce quiz a été pris 172 fois
  • Le résultat moyen est 32 sur 38
Statistiques - réponses
Par images Réponse % Correct
Canada
99%
Chine
99%
Albanie
96%
Japon
96%
Grèce
95%
Israël
95%
Maroc
95%
Arabie Saoudite
94%
Suisse
94%
Finlande
93%
Ukraine
93%
Suède
92%
Autriche
91%
Géorgie
91%
Turquie
91%
Danemark
90%
Tunisie
90%
Bangladesh
88%
Macédoine du Nord
88%
Qatar
88%
Monaco
87%
Pologne
87%
Viêt Nam
86%
Kazakhstan
84%
Lettonie
84%
Indonésie
83%
Nigeria
83%
Pérou
83%
Pakistan
81%
Afghanistan
78%
Honduras
77%
Bahreïn
75%
Singapour
75%
Somalie
74%
Palaos
67%
Kirghizistan
66%
États Fédérés de Micronésie
62%
Tonga
59%
Aucun quiz correspondant
Distribution des résultats
% des personnes avec chaque résultat
Percentile par nombre de réponses
Votre historique - résultats
Vous n’avez pas pris ce quiz